Visualizzazione normale
Vista MARC
- De Gregori Francesco
di Personal Name
Records bibliografici associati: 1
001 - CONTROL NUMBER
- control field: 17489
003 - CONTROL NUMBER IDENTIFIER
- control field: IT-RoPau
005 - DATE AND TIME OF LATEST TRANSACTION
- control field: 20140326222757.0
008 - FIXED-LENGTH DATA ELEMENTS
- fixed length control field: 140326|| aca||aabn | a|a d
040 ## - CATALOGING SOURCE
- Original cataloging agency: IT-RoPau
- Transcribing agency: IT-RoPau
100 ## - HEADING--PERSONAL NAME
- Personal name: De Gregori Francesco
- Miscellaneous information: Codice interprete SPICS: 1251
- Relator term: Interprete
670 ## - SOURCE DATA FOUND
- Source citation: Work cat.: (IT-RoPau)101470: De Gregori Francesco 5593, Scacchi e tarocchi